000 00764nam a2200265Ia 4500
001 Para_7194
003 CHAP
008 220125s1981 xx 000 0 und d
010 _a206080
040 _cCHAP
082 _aPA 635.21 A38
245 _aAdvances in potato pest management /
_c edit. by James H. Lashomb and Richar Casagrande
260 _aStrodsburg, Pennsylvania :
_b Hutchinson Ross.
300 _a288 p.
650 7 _aPapas
_xEnfermedades
_2
_985227
650 _aPapa
_x plagas
_985270
700 _aLashomb, James H. / Casagrande, Richar
_9172231
901 _aPA 635.21 A38
902 _aA
905 _a0000001981 a 0000000000 00
910 _a1981
942 _cPARA
942 _cPARA
_d1
999 _c206080
_d206080